• 首页
  • 本馆介绍
  • 公告通知
  • 最新文献
  • 馆藏检索
  • 电子资源
  • 读者导购
  • 参考咨询
  • 我的图书馆
  • 登录
  • 详细信息显示
  • 放入我的书架
  • 预约/预借图书
  • 作者相关作品
  • 分类相关作品
  • 丛书相关作品
  • 出版社相关作品

书目信息

  • 表格格式
  • 工作单格式
  • 卡片格式
题名:
论文字学
    
 
作者: 德里达 著 ;汪堂家 译
分册:  
出版信息: 上海   上海译文出版社  2005
页数: 459页
开本: 21cm
丛书名: 二十世纪西方哲学译丛
单 册:
中图分类: H02
科图分类:
主题词: 文字学
电子资源:
ISBN: 7-5327-3691-1
000 01415nam0 2200361 450
000 01378nam0 2200349 450
000 01377nam0 2200361 450
000 01323nam0 2200337 450
000 01308nam0 2200325 450
000 01271nam0 2200313 45
001 TS2006038125
005 20061203170626.03
010    @a7-5327-3691-1@dCNY35.00
100    @a20060829d2005 em y0chiy0110 ea
101 1  @achi@cfre
102    @aCN@b310000
105    @aa z 000yy
200 1  @a论文字学@ALun Wen Zi Xue@f(法)雅克·德里达(Jacques Derrida)著@F( Fa ) Ya Ke· De Li Da (Jacques Derrida) Zhu@g汪堂家译
210    @a上海@c上海译文出版社@d2005
215    @a459页@c照片@d21cm
225 2  @a二十世纪西方哲学译丛
305    @a据巴黎子夜出版社1967年版译出
330    @a本书共分两部分,第一部分追溯了文字概念的历史,重新阐释了言语与思想、言语与文字、阅读与写作的相互关系;第二部分通过对莱维-斯特劳斯和卢梭的著作的解读,揭示了文字的替补特征,以及它对人类社会组织、情感世界、文化生活等方面的深刻影响。
410  0 @12001 @a二十世纪西方哲学译丛
510 1  @aDe La Grammatologie@zfre
606 0  @a文字学
690    @aH02@v4
701  1 @a德里达@ADe Li Da@b雅克@g(Derrida, Jacques)@4著
702  0 @a汪堂家@AWang Tang Jia@4译
801  0 @aCN@b中图数据@c20061203
905    @a10447@dH02@e96
    
    论文字学/(法)雅克·德里达(Jacques Derrida)著/汪堂家译.-上海:上海译文出版社,2005
    459页:照片;21cm.-(二十世纪西方哲学译丛)
    
    
    ISBN 7-5327-3691-1:CNY35.00
    本书共分两部分,第一部分追溯了文字概念的历史,重新阐释了言语与思想、言语与文字、阅读与写作的相互关系;第二部分通过对莱维-斯特劳斯和卢梭的著作的解读,揭示了文字的替补特征,以及它对人类社会组织、情感世界、文化生活等方面的深刻影响。
●
相关链接 在E读中查询图书 在五车中查询图书 在当当中查询图书 在豆瓣中查询图书


正题名:论文字学     索取号:H02/96         预约/预借

序号 登录号 条形码 馆藏地/架位号 状态 备注
1 0611402   206114024   第二样本阅览室/ [索取号:H02/96] 在馆    
2 0611403   206114033   第四借阅区/ [索取号:H02/96] 在馆    
唐山师范学院图书馆 欢迎您!
大连网信软件有限公司© 版权所有